000 00486nam a22001817a 4500
005 20260204133142.0
008 260204b |||||||| |||| 00| 0 eng d
020 _a9788123923444
_c575.00
040 _aMAIN
041 _aEnglish
082 _a620
_bPAU
100 _aPaul, S. V.
_926187
245 _aSafety Management System and Documentation Training Programme Handbook
260 _aNew Delhi
_bCBS
_c2023
300 _a403
650 _aEnvironment Science
_9310
942 _cBK
999 _c60227
_d60227